000 01071nam a2200301 i 4500
001 11378
003 ES-MaACL
005 20250801101056.0
007 t|
008 921111s1992 sp |||| | spa j
020 _a84-7100-313-9
080 _a338.1(460.353 S.)"15/17"
080 _a338.1(460.355 C.)"15/17"
080 _a339.5(460:8=60)"15/17"
100 1 _aComellas, José Luis.
_939983
245 1 0 _aSevilla, Cádiz y América
_b: el trasiego y el tráfico /
_cJosé Luis Comellas.
260 _aMadrid :
_bMAPFRE,
_c[1992]
300 _a336 p ;
_c23 cm.
490 1 _aColección Relaciones entre España y América ;
_v4
500 _aÍndice.
504 _aBibliografía: p. 325-328.
651 4 _aSevilla-
_xSituación económica-
_vHistoria.
_9167667
651 4 _aCádiz-
_xSituación económica-
_vHistoria.
_9167666
651 4 _aEspaña-
_xComercio exterior-
_zAmérica española-
_yS.XVI-XVIII.
_9169142
830 0 0 _aColección Relaciones entre España y América
_v4
_9179037
852 _aES-MaACL
_jL-18702
999 _c11378
_d11378